Náznaky úspechov prinášajú optimizmus

Obchod na Slovensku sa v poslednom čase dostáva z problematického obdobia stagnácie. Faktorom, ktorý naďalej tanguje rozvoj, sú nízke investície do sietí a najmä pomaly rastúca kúpyschopnosť obyvateľstva, ktorá formuje tlakom cenu a kvalitu sortimentu. Top 30 obchodu 2013 v skratke.

Saved in:
Bibliographic Details
Main Author: Drahovský, Ľubomír
Format: Book Chapter
Language:Slovak
Subjects:
Tags: Add Tag
No Tags, Be the first to tag this record!

MARC

LEADER 00000naa a2200000 4500
001 0194917
005 20231011070026.7
041 0 |a slo 
044 |a SK 
245 1 0 |a Náznaky úspechov prinášajú optimizmus  |c Ľubomír Drahovský 
520 |a Obchod na Slovensku sa v poslednom čase dostáva z problematického obdobia stagnácie. Faktorom, ktorý naďalej tanguje rozvoj, sú nízke investície do sietí a najmä pomaly rastúca kúpyschopnosť obyvateľstva, ktorá formuje tlakom cenu a kvalitu sortimentu. Top 30 obchodu 2013 v skratke. 
610 2 0 |a obchod 
610 2 0 |a obchod medzinárodný 
610 2 0 |a Slovensko 
610 2 0 |a 2013 
100 1 |a Drahovský, Ľubomír